000 00751nam a22002177a 4500
005 20230227092834.0
008 230227b spa ||||| |||| 00| 0 spa d
020 _a8424924940
_c
050 0 4 _aPA3893 .R4
_bA75 2000
100 1 _aAristóteles
245 _aRetórica /
_cAristóteles ; introducción, traducción y notas por Quintín Racionero
_b
250 _a1a ed.
260 _aMadrid :
_bEditorial Gredos,
_c2000
300 _a492 p. ;
_c23 cm.
440 0 _aBiblioteca clásica gredos ;
_v No. 31
500 _a# 626 Donacion: Juan Alvarez Cienfuegos 25/ FEB./2020
504 _aIncluye referencias bibliograficas e índice
650 4 _aRetórica antigua
700 1 _aRacionero, Quintín,
_etr. y notas
_etr,
942 _2lcc
_cLIB
999 _c166335
_d166333